Những vấn đề chung về bộ môn phương pháp dạy học lịch sử ở trường CĐSP
Sparad:
| Huvudupphovsman: | |
|---|---|
| Övriga upphovsmän: | |
| Materialtyp: | Bok |
| Publicerad: |
H.
Đại Học Sư Phạm
2004
|
| Ämnen: | |
| Taggar: |
Lägg till en tagg
Inga taggar, Lägg till första taggen!
|
| Thư viện lưu trữ: | Trung tâm Học liệu Lê Vũ Hùng, Trường Đại học Đồng Tháp |
|---|
| LEADER | 02324pam a22002538a 4500 | ||
|---|---|---|---|
| 001 | 00023088 | ||
| 005 | 20171026081022.0 | ||
| 008 | 110609s2004 ||||||Viesd | ||
| 041 | 0 | # | |a Vie |
| 082 | 1 | 4 | |a 907 |b NH556V |
| 100 | 0 | # | |a Nguyễn Anh Dũng |e Chủ biên |
| 245 | 0 | 0 | |a Những vấn đề chung về bộ môn phương pháp dạy học lịch sử ở trường CĐSP |c Nguyễn Anh Dũng; Trần Vĩnh Tường |
| 260 | # | # | |a H. |b Đại Học Sư Phạm |c 2004 |
| 300 | # | # | |a 78 tr. |c 24 cm. |
| 500 | # | # | |a ĐBS: Bộ giáo dục và đào tạo; Dự án đào tạo giáo viên THCS |
| 653 | # | # | |a Lịch sử ở trường CĐSP |
| 653 | # | # | |a Phương pháp giảng dạy lịch sử |
| 700 | 0 | # | |a Trần Vĩnh Tường |
| 852 | # | # | |b Kho giáo trình |j KGT.0026039, KGT.0026040, KGT.0026041, KGT.0026042, KGT.0026043, KGT.0026044, KGT.0026045, KGT.0026046, KGT.0026047, KGT.0026048, KGT.0026049, KGT.0026050, KGT.0026051, KGT.0026052, KGT.0026053, KGT.0026054, KGT.0026055, KGT.0026056, KGT.0026057, KGT.0026058, KGT.0026059, KGT.0026060, KGT.0026061, KGT.0026062, KGT.0026063, KGT.0026064, KGT.0026065, KGT.0026066, KGT.0026067, KGT.0026068, KGT.0026069, KGT.0026070, KGT.0026071, KGT.0026072, KGT.0026073, KGT.0026074, KGT.0026075, KGT.0026076, KGT.0026077, KGT.0026078, KGT.0026079, KGT.0026080, KGT.0026081, KGT.0026082, KGT.0026083, KGT.0026084, KGT.0026085, KGT.0026086, KGT.0026087 |
| 852 | # | # | |b Kho mượn |j KGT.0026039 |
| 852 | # | # | |b Kho đọc |j KD.0009870 |
| 852 | # | # | |j KD.0009870 |j KGT.0026040 |j KGT.0026041 |j KGT.0026043 |j KGT.0026044 |j KGT.0026046 |j KGT.0026047 |j KGT.0026049 |j KGT.0026050 |j KGT.0026052 |j KGT.0026053 |j KGT.0026055 |j KGT.0026062 |j KGT.0026064 |j KGT.0026065 |j KGT.0026067 |j KGT.0026069 |j KGT.0026070 |j KGT.0026072 |j KGT.0026073 |j KGT.0026075 |j KGT.0026076 |j KGT.0026078 |j KGT.0026079 |j KGT.0026081 |j KGT.0026082 |j KGT.0026084 |j KGT.0026085 |j KGT.0026087 |j KGT.0026057 |j KGT.0026058 |j KGT.0026059 |j KGT.0026061 |j KGT.0026039 |j KGT.0026042 |j KGT.0026045 |j KGT.0026048 |j KGT.0026051 |j KGT.0026056 |j KGT.0026060 |j KGT.0026063 |j KGT.0026066 |j KGT.0026068 |j KGT.0026071 |j KGT.0026054 |j KGT.0026074 |j KGT.0026077 |j KGT.0026080 |j KGT.0026083 |j KGT.0026086 |
| 910 | 0 | # | |a ngọc |d 09/06/2011 |
| 980 | # | # | |a Trung tâm Học liệu Lê Vũ Hùng, Trường Đại học Đồng Tháp |